Bilecik Bilecik Bilecik Bilecik Bilecik

Tarımsal politikalar ve yapısal düzenlemeler özel ihtisas komisyonu raporu.. (Record no. 36114)

MARC details
000 -BAŞLIK
Sabit Uzunluktaki Kontrol Alanı 01062nam a22003377a 4500
001 - KONTROL NUMARASI
Control Dosyası 0036214
003 - KONTROL NUMARASI KİMLİĞİ
Kontrol Alanı KOHA_MİRAKIL
005 - EN SON İŞLEM TARİHİ ve ZAMANI
Kontrol Alanı 20260207003002.0
007 - FİZİKSEL TANIM SABİT ALAN - GENEL BİLGİ
Sabit uzunluklu kontrol alanı ta
008 - SABİT UZUNLUKTAKİ VERİ ÖGELERİ - GENEL BİLGİ
Sabit Alan 120411b2000 tu a|||grt|||#0|||0|tur |
020 ## - ISBN - ULUSLARARASI STANDART KİTAP NUMARASI
Isbn 9751925150
040 ## - KATALOGLAMA KAYNAĞI
Özgün Kataloglama Kurumu TR-BiSEU
Kataloglama Dili tur
Çeviri Kurumu TR-BiSEU
Açıklama Kuralları rda
041 0# - DİL KODU
Metin ya da ses kaydının dil kodu tur
044 ## - YAYINLAYAN/ÜRETEN KURULUŞUN ÜLKE KODU
ISO country code tu
050 ## - SINIFLAMA ve YER NUMARASI
Sınıflama Numarası HD2056.7
Yer Numarası .T37 2000
245 0# - ESER ADI BİLDİRİMİ
Başlık Tarımsal politikalar ve yapısal düzenlemeler özel ihtisas komisyonu raporu..
264 #1 - ÜRERİM, YAYIN, DAĞITIM ve TELİF BİLDİRİMİ
Yayın yeri Ankara :
Yayınlayan DPT
Yayın tarihi 2000
300 ## - FİZİKSEL TANIMLAMA
Sayfa, Cilt vb. 61 sayfa :
Diğer fiziki detaylar tbl. ;
Boyutları 27 cm.
336 ## - İÇERİK TÜRÜ
Content type term metin
Content type code txt
Source rdacontent
337 ## - MEDYA TÜRÜ
Media type term aracısız
Media type code n
Source rdamedia
338 ## - TAŞIYICI TÜRÜ
Carrier type term cilt
Carrier type code nc
Source rdacarrier
490 1# - DİZİ BİLDİRİMİ
Dizi Bildirimi Sekizinci beş yıllık kalkınma planı yayın no ;
Cilt Numarası DPT:2516.
490 1# - DİZİ BİLDİRİMİ
Dizi Bildirimi ÖİK:534
500 ## - GENEL NOT
Genel Not Kaynakça var.
650 #0 - KONU BAŞLIĞI EK GİRİŞ - KONU TERİMİ
Konusal terim veya coğrafi ad Agriculture--Economic aspects--Turkey.
9 (RLIN) 15549
650 #0 - KONU BAŞLIĞI EK GİRİŞ - KONU TERİMİ
Konusal terim veya coğrafi ad Tarım--Ekonomik yönler--Türkiye.
9 (RLIN) 15552
830 1# - SERİ EK GİRİŞİ - TEKBİÇİM ESER ADI
Tekbiçim Başlık Sekizinci beş yıllık kalkınma planı yayın no ;
Volume number/sequential designation DPT:2516.
9 (RLIN) 68752
830 1# - SERİ EK GİRİŞİ - TEKBİÇİM ESER ADI
Tekbiçim Başlık ÖİK:534
9 (RLIN) 68753
907 ## - LOCAL DATA ELEMENT G, LDG (RLIN)
a Rapor
942 ## - EK GİRİŞ ÖGELERİ (KOHA)
Source of classification or shelving scheme Library of Congress Classification
Koha item type Book
Holdings
Materyal Türü Kalıcı Konum Mevcut Konum Raf Yeri Sınıflandırma Kaynağı Edinim Bilgisi Ana Konular Alt Konular Yer Numarası Demirbaş Numarası Fatura Tarihi Geri Çekilme Durumu Kayıp Durumu Hasarlı Durumu Kredi için değil Kayıt Tarih Toplam Ödünçverme Son Görülme Tarihi Son Kontrol Tarihi Genel / Bağış Notu
Book Prof. Dr. Azmi Özcan Kütüphanesi Prof. Dr. Azmi Özcan Kütüphanesi Uluğbey Salonu Library of Congress Classification Bağış SOSYAL BİLİMLER Endüstriler, Arazi Kullanımı, İşgücü HD2056.7 .T37 2000 0036214 02/02/2026         11/04/2012   05/12/2024 05/12/2024 Genel Bağış